00579nam a2200169Ia 4500003000400000005001700004008004100021040001800062041000800080082002100088100001500109245005700124250001200181260006300193300002400256650012900280OSt20241129113933.0210716s1952 xx 000 0 und d cAIMIT LIBRARY aeng a808.83 21bBROM aBrod, Max. aUnambo: bnovel of the war in Israel /cBy Max Brod. a1st ed. aNew York :bJewish Publication Socirty of America ;c1952. a309p. ;bPBc21 cm. aWhich confirms the biblical saying that the land will spew them out but in which nevertheless hope haas the last word to say